000 00436nmm a2200145Ia 4500
008 251105s9999||||xx |||||||||||||||||und||
041 _aspa
100 _aFajardo Pulido, Manuela
245 0 _aFluyendo con la vida
264 _a[Bogotá, Colombia] :
_bPolitécnico Grancolombiano,
_c2020
300 _a22 páginas
650 _aTeen & Young Adult Fiction
856 _uhttps://public.digitaliapublishing.com/a/130861
942 _cCF
999 _c106825
_d106825